000
00278nam a2200109Ia 4500
008
220204s9999 xx 000 0 und d
082
_a
301
_b
BAU
100
_a
Bauman, Z
245
0
_a
Towards a critical sociology
260
_a
London
_b
Routledge and Kegan Paul
_c
1976
942
_c
BK
999
_c
29605
_d
29605